Statistics for Birmingham city 2020/21 team

Click here to take the quiz!

General Stats

  • This quiz has been taken 40 times
  • The average score is 12 of 26

Answer Stats

HintAnswer% Correct
CBdean
86%
RBcolin
82%
GKetheridge
79%
SThogan
79%
CBroberts
79%
LBpederson
71%
LWbela
64%
CDMsunjic
64%
STjutkiewicz
61%
ST/LWleko
57%
CMgardner
54%
RWsanchez
50%
CAMhalilovic
46%
CDMsan jose
43%
CMclayton
39%
LBfriend
39%
CAMtoral
39%
CDMkieftenbeld
29%
CMmcgree
29%
GKprieto
29%
CBclarke salter
25%
LBseddon
25%
CAMcrowley
18%
CAMboyd munce
14%
RBdacres cogley
14%
CMmceachran
11%

Score Distribution

Percentile by Number Answered

Percent of People with Each Score

Your Score History

You have not taken this quiz